| 000 | 00369nam a2200157Ia 4500 | ||
|---|---|---|---|
| 008 | 230524s9999 xx 000 0 und d | ||
| 082 |
_a621.38 _bRED |
||
| 100 | _aS.Rama Reddy | ||
| 245 | 0 | _aSolid State Circuits | |
| 250 | _a1ST | ||
| 260 |
_aNEW DELHI _bScitech _c2000 |
||
| 300 | _aXI;153 | ||
| 500 | _aQuantity Number: 1 | ||
| 650 | _aElectronics | ||
| 942 | _cBK | ||
| 999 |
_c23906 _d23906 |
||